Регионална библиотека "Любен Каравелов" - Русе

Едно тъй дълго лято (Запис номер 182989)

MARC детайли
000 -Лидер
Контролно поле с фиксирана дължина 01273nam a2200301 c 4500
003 - Код на организацията, давaща контролен номер
Контролно поле BLK
005 - Дата и час на последна редакция
Контролно поле 20200826092629.0
008 - Елементи от данни с фиксирана дължина
fixed length control field 180411b bul|||||r ||||||| ||bul||
010 ## - Наследен системен номер
LC control number KNG00191914000
040 ## - Източник на каталожния запис
Идентификатор на билиотеката - собственик на записа BLK
041 ## - Код за език
Код за езика на текст/звукозапис или на отделно заглавие Български
Код за езика КДБФ Български
080 ## - УДК
Текстов определител УДК Турска литература
УДК код - определител по УДК 821.512.161
УДК определител -32
УДК - код + определител 821.512.161-32
100 1# - Редна дума - Автор
Автор Гюрсел, Недим
Авторска отговорност първи автор
R(LIN) 57740
139 ## - Редно поле
Редна дума Гюрсел, Недим
Авторски знак Гю - Г 98
245 10 - Сведения за заглавието
Заглавие Едно тъй дълго лято
Подзаглавни данни Сб. разкази
Редно поле (дума) Недим Гюрсел; прев. от тур. Георги Пенчев Ризов; с послесл. от Розия Бечева Самуилова.
257 ## - Страна на издаване
Страна на създаване/издаване Турция
260 ## - Област на издателските данни
Име на издателя, разпространителя и проч. Нар. култура
Година на издаване 1982
Печатница Ямбол : Г. Димитров
Място на издаване, разпространение и проч. София
300 ## - Физическа характеристика
Страници 256 с.
Размери/Мащаб 17 см
380 ## - Жанр
Жанр Худож. лит.
500 ## - Общи забележки
Забележка Ориг. загл. Uzun surmus bir yaz. - 25 125 тир.
700 1# - Други автори (авторска отговорност)
Лично име Ризов, Георги Пенчев
Автороска отговорност (Описва отношението между автора и произведението) прев. от тур.
9 (RLIN) 384000
700 1# - Други автори (авторска отговорност)
Лично име Самуилова, Розия Бечева
Автороска отговорност (Описва отношението между автора и произведението) с послесл. от
9 (RLIN) 368971
852 ## - Местоположение
Форматна сигнатура Цб І 19925
Фондова буква Хранилище
856 4# - Електронен адрес и достъп
Електронен формат pdf - файл
999 ## - СИСТЕМНИ КОНТРОЛНИ НОМЕРА
Koha biblionumber 182989
Koha biblioitemnumber 182989
942 ## - АРТИКУЛИ
Вид на библиотечния материал Книги
Скрит в OPAC Не
Периодичен библиозапис Да
944 ## - СЪЗДАВАНЕ И РЕДАКЦИЯ на ЗАПИСА
Създаване/Редакция Създаване
Дата на регистрацията/редакция 07.10.2016
Служител, извършил регистрацията/редакцията Радостина_Карадакова
944 ## - СЪЗДАВАНЕ И РЕДАКЦИЯ на ЗАПИСА
Създаване/Редакция Редакция
Дата на регистрацията/редакция 2020-08-26
Служител, извършил регистрацията/редакцията Ренета Константинова
999 ## - СИСТЕМНИ КОНТРОЛНИ НОМЕРА
Koha biblioitemnumber 182989
Наличности
Код за отписване Код за изгубен артикул Източник на класификационната схема Код за повреда Коз за рестрикции Код за отдаване Артикулен № Име на библиотеката - собственик Име на библиотеката, в която се намира в момента Статус (Текущо местоположение) Дата на вписване в системата Местоположение - отдел Цена в лева Инвентарен номер Систематично азбучна сигнатура Баркод Номер на екземпляра Цена в евро Служебна бележка Служебен тип на артикула
  Не е изгубен Universal Decimal Classification Не е повреден само за читалня ползва се в читалня 315012 Регионална библиотека "Любен Каравелов" Русе Регионална библиотека "Любен Каравелов" Русе Хранилище 1982-01-01 Хранилище 1.05 362666 Цб І 19925 120000362666 1 0.54 N: стар фонд Дата: 01.01.1982 Книги
Изтеглен Не е изгубен Universal Decimal Classification Не е повреден без рестрикции заемане за дома 315013 Регионална библиотека "Любен Каравелов" Русе Регионална библиотека "Любен Каравелов" Русе Заемна - подръчен фонд 1982-01-01 Заемна - подръчен фонд 1.05 365046 П 894.35-32/Г 98 365046 2 0.54 N: стар фонд Дата: 01.01.1982 Книги
Vip Innovations Ltd, Rousse, Bulgaria 2025